Historia general de las cosas de Nueva España

-д хадгалсан:
Номзүйн дэлгэрэнгүй
Үндсэн зохиолч: Sahagun, Bernardino de (Зохиогч)
Формат: Ном
Хэл сонгох:испани
Хэвлэсэн: Madrid, España Historia 16 1990
Нөхцлүүд:
Шошгууд: Шошго нэмэх
Шошго байхгүй, Энэхүү баримтыг шошголох эхний хүн болох!

MARC

LEADER 00000nam a2200000 a 4500
001 UCX6612
003 CL-VaPUC
005 20250226094029.0
008 930730e19900000SP |||||||||||||||||spa|d
999 |c 226608  |d 226606 
040 |c Pontificia Universidad Católica de Valparaíso 
082 0 4 |a 972.02 SAH 1990  |2 21 
100 0 |a Sahagun, Bernardino de  |e author  |9 323196 
245 1 0 |a Historia general de las cosas de Nueva España 
260 |a Madrid, España  |b Historia 16  |c 1990 
300 |a 1005 páginas 
583 |a last modification  |c 19930730 00:00:00  |k Rodrigo Vera 
650 0 |a Indios de México   |x Vida social y costumbres  |9 323197 
650 7 |a DESCUBRIMIENTO Y CONQUISTA  |2 CL-VaPUC  |9 268933  |y 1519-1540  |z MEXICO 
942 |c BK  |2 ddc 
945 |d 19930730 00:00:00 
952 |0 0  |1 0  |2 ddc  |4 0  |6 972_020000000000000_SAH_1990  |7 0  |8 A  |9 225110  |a BIBHIS  |b BIBHIS  |d 2019-11-15  |i 2938073  |l 1  |o 972.02 SAH 1990  |p 2938073  |r 2025-01-20  |s 2021-03-09  |t 1  |w 2019-11-15  |y BK  |k HIS 
952 |0 0  |1 0  |2 ddc  |4 0  |6 972_020000000000000_SAH_1990  |7 0  |8 A  |9 225111  |a BIBHIS  |b BIBHIS  |d 2019-11-15  |i 2938081  |l 2  |o 972.02 SAH 1990  |p 2938081  |r 2025-01-20  |s 2021-09-01  |t 2  |w 2019-11-15  |y BK  |k HIS